000 01240nam a22002897a 4500
005 20240530110409.0
008 150209s2011 ua g bc 000 0 ara d
017 _a19033/2011
_bمصر . دار الكتب المصرية
020 _a9789771808596
040 _aEG-CaGPL
041 0 _aara
082 0 4 _221
_a953.022\
_bا خ
100 0 _aابى القاسم اسماعيل بن محمد بن الفضل بن على التيمى
245 1 2 _aالخلفاء الاربعة :
_bابوبكر عمر عثمان على : ايامهم وسيرهم /
_cابى القاسم اسماعيل بن محمد بن الفضل بن على التيمى
250 _aط2
260 _aالقاهرة :
_bمطبعة دار الكتب والوثائق القومية بالقاهرة ،
_c2011
300 _a268 ص ؛
_c30 سم
504 _aببليوجرافية : ص 261 - 268
600 0 4 _aابوبكر الصديق
600 0 4 _aعمر بن الخطاب
600 0 4 _aعثمان بن عفان
600 0 4 _aعلى بن ابى طالب
650 0 4 _aالخلفاء الراشدون
650 0 4 _aالعالم العربى
_xتاريخ
_yعصر صدر الاسلام
942 _2ddc
_cBK
999 _c60410
_d60410